Các bài vẽ tượng thạch cao mẫu Mỹ thuật căn bản và nâng cao

Guardado en:
Detalles Bibliográficos
Autor principal: Gia Bảo
Formato: Libro
Lenguaje:Undetermined
Publicado: H. Mỹ thuật 2013
Materias:
Acceso en línea:http://lrc.tdmu.edu.vn/opac/search/detail.asp?aID=2&ID=40896
Etiquetas: Agregar Etiqueta
Sin Etiquetas, Sea el primero en etiquetar este registro!
Thư viện lưu trữ: Trung tâm Học liệu Trường Đại học Thủ Dầu Một
LEADER 00640nam a2200205Ia 4500
001 TDMU_40896
008 210410s9999 xx 000 0 und d
082 |a 428.3 
090 |b GI100 
100 |a Gia Bảo 
245 0 |a Các bài vẽ tượng thạch cao mẫu 
245 0 |b Mỹ thuật căn bản và nâng cao 
245 0 |c Gia Bảo 
260 |a H. 
260 |b Mỹ thuật 
260 |c 2013 
300 |a 52tr 
650 |a Vẽ căn bản  |x Tượng thạch cao 
856 |u http://lrc.tdmu.edu.vn/opac/search/detail.asp?aID=2&ID=40896 
980 |a Trung tâm Học liệu Trường Đại học Thủ Dầu Một